000 00732cam a22002653a 4500
001 12954
003 PGUSA
005 20140828083259.0
008 040719s2004||||xxu|||||s|||||000 1 eng d
040 _aPGUSA
_beng
042 _adc
050 4 _aPR
100 1 _aMarryat, Frederick,
_d1792-1848
245 1 4 _aThe Phantom Ship
_h[electronic resource] /
_cFrederick Marryat
260 _bProject Gutenberg,
_c2004
506 _aPublic domain in the USA.
516 _aElectronic text
653 _aHorror tales
653 _aImmortalism -- Fiction
653 _aFlying Dutchman -- Fiction
653 _aSea stories
830 0 _aProject Gutenberg
_v12954
856 4 0 _uhttp://www.gutenberg.org/ebooks/12954
942 _cEB
999 _c242209
_d242209